| 000 | 00612nam a22001577a 4500 | ||
|---|---|---|---|
| 003 | OSt | ||
| 005 | 20151026150732.0 | ||
| 008 | 151026b xxu||||| |||| 00| 0 eng d | ||
| 040 | _cRUA | ||
| 082 | _aAVM LY 2012 B103 Or.1 | ||
| 100 |
_92895 _aLY SATRA. |
||
| 245 | _athe study of controlling at slaugter houses in kampong bay district, kampot province (ការសិក្សាលើការគ្រប់គ្រងទីសត្តឃាដ ស្រុកកំពង់បាយ ខេត្តកំពត) | ||
| 260 |
_aPhnom Penh _bRUA _c2012 |
||
| 300 |
_aviii, 39p. _bill. _c29cm. |
||
| 942 |
_2ddc _cAVM |
||
| 999 |
_c2713 _d2713 |
||